| 000 | 00871nam a22002657a 4500 | ||
|---|---|---|---|
| 001 | BS2023000524 | ||
| 003 | BR-BrBNA | ||
| 005 | 20231205135939.0 | ||
| 008 | 231205b bl.||||| |||| 00| 0 por d | ||
| 020 | _a978-85-7665-320-2 | ||
| 040 |
_aBR-BrBNA _bpor |
||
| 041 | _apor | ||
| 072 | _aB51 | ||
| 100 |
_4aut. _aGomes, Laurentino |
||
| 245 |
_a1808 : _bcomo uma rainha louca, um príncipe medroso e uma corte corrupta enganaram Napoleão e mudaram a história de Portugal e do Brasil _cLaurentino Gomes |
||
| 260 |
_aSão Paulo, SP : _bEditora Planeta do Brasil _c2007. |
||
| 300 | _a414 p. | ||
| 650 | _aBRASIL - HISTÓRIA - D. JOÃO VI, 1808-1821 | ||
| 650 | _aBRASIL - HISTÓRIA - PERÍODO DA INDEPENDÊNCIA | ||
| 650 | _aCARLOTA JOAQUINA | ||
| 650 | _aCORTE PORTUGUESA | ||
| 909 |
_a202312 _bAna Lívia |
||
| 942 | _cBK | ||
| 999 |
_c259814 _d259814 |
||